01204nam a22001577a 450000500170000000800410001704000280005808200300008624501510011626001140026730000090038152002580039065002150064870000630086385601200092620250313152953.0250313b2024 dr adc||dpt|| 00| 0 spa d aCGIP0038cCGIP0038erda 2333.7216 7293 75 /I59a21 aEducación ambiental en la Regional 15 Santo Domingo IIIcInstituto Dominicano de Evaluación e Investigación de la Calidad Educativa (IDEICE) aSanto Domingo:bInstituto Dominicano de Evaluación e Investigación de la Calidad Educativa (IDEICE)c2024 a16p. aLa educación ambiental es un proceso que busca sensibilizar a las personas y comunidades sobre los problemas ambientales, fomentando en ellas actitudes, habilidades y valores que les permitan tomar medidas orientadas a su resolución (Perales, 2017). 2Conservación y protección del medio ambiente -- República Dominicana, Distrito Nacional Regional 15 Santo Domingo III -- República Dominicana, Educación ambiental -- Enseñanza educación ambiental. aRamírez, Jessica - Gutiérrez Martes, Ashley Altagracia uhttps://ideice.gob.do/documentacion/publicaciones-id-p1-208-educacion-ambiental-en-la-regional-15-santo-domingo-iii